01116nam a2200229 a 450000100100000000500170001000800410002702000180006804000250008608200150011110000280012624500910015424600970024526000470034230000210038950000760041059000260048695201250051295201130063795201190075099900170086900004596120201002052540.0150603s2015 flu 000 0 spa d a9781633156395 aDO-SdBNPbspacBNPHU axxxxbxxxx1 aD'Oleo, Jonathan97403510aTomando posesión :ba través del poder de saber y de emprender /cJonathan D'Oleo.14aTomando posesión :bantología de gestión financiera, empresarial y desarrollo personal aMiami, Florida :bD'Oleo Analytica,c2015. a197 p. ;c22 cm. aIncluye datos biográficos del autor en la solapa de la contracubierta aInventariado, 2019/VM 001054708MOaGRbGRcHDd2015-06-03iLF1l0oxxxx xxxxp45961-30r2020-06-25te. 3w2020-06-25y4ZPréstamo en sala 001050718MOaPDbPDcHDd2015-06-03iLF1l0oxxxx xxxxp45961-10r2020-06-25w2020-06-25y1ZNo se presta 001050718MOaPDbPDcHDd2015-06-03iLF1l0oxxxx xxxxp45961-20r2020-06-25te. 2w2020-06-25y1ZNo se presta c45450d45450